[Event "RD-2014-0-00102"]
[Site "LSS email"]
[Date "2014.05.01"]
[Round "?"]
[White "Perez, Alberto F"]
[Black "Henke, Simon"]
[Result "1-0"]
[WhiteElo "1787"]
[BlackElo "1462"]
[PlyCount "135"]
[EventDate "2014.02.01"]
[EventType "tourn (corr)"]
[EventRounds "6"]
[EventCountry "GER"]
[SourceTitle "Telechess CBM 167"]
[Source "ChessBase"]
[SourceDate "2015.07.13"]
[SourceVersion "1"]
[SourceVersionDate "2015.07.13"]
[SourceQuality "1"]

1. e4 c5 2. Nf3 d6 3. d4 cxd4 4. Nxd4 Nf6 5. Nc3 g6 6. Be2 Bg7 7. Be3 Nc6 8. 0-0 0-0 9. Qd2 Bd7 10. Rad1 Rc8 11. f4 a6 12. h3 b5 13. a3 Qc7 14. Nf3 Rfe8 15. Bf2 h6 16. Be3 Kh7 17. Bd3 e5 18. fxe5 dxe5 19. a4 b4 20. Nd5 Nxd5 21. exd5 e4 22. dxc6 Bxc6 23. Ng5+ hxg5 24. Bxa6 Ra8 25. Bb5 f5 26. Qxb4 f4 27. Bd4 Bxb5 28. Qxb5 Bxd4+ 29. Rxd4 Kh6 30. c3 Rab8 31. Qe2 Qe5 32. Rfd1 Re7 33. Kh1 Rf8 34. Rd5 Qf6 35. Kg1 f3 36. Qe3 fxg2 37. Kxg2 Ref7 38. Kg1 Qf3 39. Qxf3 Rxf3 40. R5d2 Rxh3 41. Rg2 e3 42. a5 g4 43. a6 Ra8 44. Ra1 Kg5 45. Ra4 g3 46. Re2 Rh4 47. Rxh4 Kxh4 48. Kg2 Rxa6 49. Rxe3 Ra2 50. Re4+ Kg5 51. Rb4 Kf5 52. Kxg3 Ra1 53. Rf4+ Ke5 54. Rc4 Rg1+ 55. Kf3 Rf1+ 56. Ke3 Re1+ 57. Kd2 Rb1 58. Kc2 Rh1 59. b4 g5 60. b5 Rh6 61. Kd2 Rh2+ 62. Ke3 Rh3+ 63. Ke2 Kd5 64. Rc6 Ke4 65. c4 Rh2+ 66. Kf1 Kd4 67. b6 Rb2 68. c5 1-0